00722nam a2200253Ia 4500003000400000005001700004008004100021020001500062040001800077041000800095082002300103100001600126245005500142250001200197260005400209300003200263650003400295650003000329650002800359650002600387650001900413650002100432650001500453OSt20250227121118.0210716s2006 xx 000 0 und d a0120887975 cAIMIT LIBRARY aeng a005.7402 21bCELJ aCelko, Joe. aJoe celko's sql programming style /cBy Celko,Joe. a1st ed. aNew Delhi :bReed Elsevier India Pvt Ltd ,c2006. axviii,216 p.;bPBc25.2 cm. aFonts punctuation and spacing aData Declaration language aScales and measurements aData Encoding schemes aCoding choices aHow to use views aHeuristics